भौतिकी / (Record no. 120701)

MARC details
000 -LEADER
fixed length control field 01118nam a22002657a 4500
005 - DATE AND TIME OF LATEST TRANSACTION
control field 20170124103202.0
010 ## - LIBRARY OF CONGRESS CONTROL NUMBER
LC control number A-762536
020 ## - INTERNATIONAL STANDARD BOOK NUMBER
Terms of availability 85.00
035 ## - SYSTEM CONTROL NUMBER
System control number A-762536
037 ## - SOURCE OF ACQUISITION
Source of stock number/acquisition Cen Lib/Ret
040 ## - CATALOGING SOURCE
Original cataloging agency DPL
Language of cataloging HN
082 ## - DEWEY DECIMAL CLASSIFICATION NUMBER
Classification number 530
Item number अग्रवा
100 ## - MAIN ENTRY--PERSONAL NAME
Personal name अग्रवाल, जी.जी.
9 (RLIN) 92022
245 ## - TITLE STATEMENT
Title भौतिकी /
Statement of responsibility, etc जी.जी. अग्रवाल [एवं] पंकजकुमार शिवास्तव
246 ## - VARYING FORM OF TITLE
Title proper/short title bhautiki /
Remainder of title by G.G. Agarval [evam] Pankajkumar Shreevastava
260 ## - PUBLICATION, DISTRIBUTION, ETC. (IMPRINT)
Place of publication, distribution, etc आगरा
Name of publisher, distributor, etc राम प्रसाद एंड संस
Date of publication, distribution, etc 1995
270 ## - ADDRESS
City आगरा
Address अस्पताल रोड
Postal code 3
300 ## - PHYSICAL DESCRIPTION
Extent viii,194पृ.
Dimensions 22सेमी(सजिल्द )
650 ## - SUBJECT ADDED ENTRY--TOPICAL TERM
Topical term or geographic name as entry element भौतिकी
General subdivision
Geographic subdivision
9 (RLIN) 92023
650 ## - SUBJECT ADDED ENTRY--TOPICAL TERM
Topical term or geographic name as entry element भौतिकी--सदिश राशीयाँ
9 (RLIN) 43925
650 ## - SUBJECT ADDED ENTRY--TOPICAL TERM
Topical term or geographic name as entry element Physics
9 (RLIN) 92024
650 ## - SUBJECT ADDED ENTRY--TOPICAL TERM
Topical term or geographic name as entry element Physics - Vector Rashiya
9 (RLIN) 92025
700 ## - ADDED ENTRY--PERSONAL NAME
Personal name श्रीवास्तव, पंकजकुमार
9 (RLIN) 44241
942 ## - ADDED ENTRY ELEMENTS (KOHA)
Source of classification or shelving scheme Dewey Decimal Classification
Koha item type Hindi Books
Classification part 530
Call number suffix अग्रवा
Holdings
Withdrawn status Lost status Damaged status Not for loan Home library Current library Date acquired Source of acquisition Cost, normal purchase price Total Checkouts Full call number Barcode Date last seen Copy number Cost, replacement price Price effective from Koha item type
        Central Library Central Library 28/09/2015 Cen Lib/Ref 85.00   530 अग्रवा A-762536 28/09/2015 1 85.00 28/09/2015 Hindi Books

© Delhi Public Library
Hit Counter
free hit counter